[Event "CZE-chT2D 1920"]
[Site "Czech Republic"]
[Date "2019.12.01"]
[Round "4.6"]
[White "Kokes, Bohuslav"]
[Black "Solc, Filip"]
[Result "0-1"]
[WhiteElo "1949"]
[BlackElo "2073"]
[PlyCount "62"]
[EventDate "2019.10.13"]
[EventType "team-tourn"]
[EventRounds "11"]
[EventCountry "CZE"]
[SourceTitle "EXT 2024"]
[Source "ChessBase"]
[SourceDate "2023.10.10"]
[SourceVersion "1"]
[SourceVersionDate "2023.10.10"]
[SourceQuality "1"]
[WhiteTeam "Chrudim"]
[BlackTeam "Hradec Kralove Slavia"]
[WhiteTeamCountry "CZE"]
[BlackTeamCountry "CZE"]

1. e4 c5 2. Nf3 Nc6 3. d4 cxd4 4. Nxd4 Nf6 5. Nc3 d6 6. Bg5 e6 7. Qd2 a6 8. 0-0-0 Bd7 9. f3 b5 10. Nxc6 Bxc6 11. Bf4 d5 12. e5 Nd7 13. Ne2 Qb6 14. Be3 Bc5 15. Bxc5 Qxc5 16. f4 0-0 17. Nd4 Rfe8 18. h4 a5 19. Rh3 b4 20. Kb1 Nb6 21. Rg3 Bd7 22. h5 Reb8 23. Bd3 Na4 24. f5 Qxd4 25. Rxg7+ Kxg7 26. Qg5+ Kf8 27. c3 bxc3 28. Bc2 Rxb2+ 29. Ka1 Qc4 30. Qh6+ Ke8 31. Bb3 c2 0-1

[Event "CZE-chT2D 1920"]
[Site "Czech Republic"]
[Date "2019.11.17"]
[Round "3.5"]
[White "Sykora, Josef"]
[Black "Solc, Filip"]
[Result "0-1"]
[WhiteElo "2069"]
[BlackElo "2073"]
[PlyCount "66"]
[EventDate "2019.10.13"]
[EventType "team-tourn"]
[EventRounds "11"]
[EventCountry "CZE"]
[SourceTitle "EXT 2024"]
[Source "ChessBase"]
[SourceDate "2023.10.10"]
[SourceVersion "1"]
[SourceVersionDate "2023.10.10"]
[SourceQuality "1"]
[WhiteTeam "Pardubice Rapid"]
[BlackTeam "Hradec Kralove Slavia"]
[WhiteTeamCountry "CZE"]
[BlackTeamCountry "CZE"]

1. c4 Nf6 2. g3 g6 3. Bg2 Bg7 4. Nc3 c5 5. Nf3 Nc6 6. d4 cxd4 7. Nxd4 0-0 8. 0-0 Qa5 9. Nc2 Qh5 10. e4 d6 11. Qxh5 Nxh5 12. Bd2 Be6 13. b3 Rfc8 14. Rac1 Rab8 15. Nd5 Kf8 16. Nf4 Nxf4 17. Bxf4 b5 18. c5 g5 19. Bxg5 dxc5 20. f4 h6 21. f5 Bxb3 22. Bxe7+ Kxe7 23. axb3 Nd4 24. Nxd4 Bxd4+ 25. Kh1 c4 26. bxc4 bxc4 27. Rfd1 Bb2 28. Rc2 c3 29. Kg1 Rd8 30. Bf3 a5 31. e5 Rxd1+ 32. Bxd1 a4 33. e6 a3 0-1

[Event "Pardubice Czech op-A 30th"]
[Site "Pardubice"]
[Date "2019.07.23"]
[Round "5"]
[White "Shailesh, Dravid"]
[Black "Solc, Filip"]
[Result "1-0"]
[WhiteElo "2254"]
[BlackElo "1987"]
[PlyCount "171"]
[EventDate "2019.07.19"]
[EventType "swiss"]
[EventRounds "9"]
[EventCountry "CZE"]
[SourceTitle "CBM 191"]
[Source "ChessBase"]
[SourceDate "2019.08.31"]
[SourceVersion "1"]
[SourceVersionDate "2019.08.31"]
[SourceQuality "1"]

1. e4 c5 2. Nf3 d6 3. d4 cxd4 4. Nxd4 Nf6 5. Nc3 a6 6. Bg5 e6 7. f4 Qb6 8. Nb3 Qe3+ 9. Qe2 Qxe2+ 10. Bxe2 Nbd7 11. Bf3 h6 12. Bh4 Rg8 13. Bg3 g5 14. 0-0-0 g4 15. Be2 Nh5 16. f5 Nxg3 17. hxg3 Ne5 18. Nd4 Be7 19. Kb1 Bg5 20. Na4 Bd7 21. Nb6 Rd8 22. Bc4 Nxc4 23. Nxc4 Ke7 24. Rhe1 Bf6 25. fxe6 fxe6 26. Nxd6 Kxd6 27. e5+ Bxe5 28. Nf3+ Kc7 29. Nxe5 Bc6 30. Rxd8 Rxd8 31. Nxg4 Rg8 32. Nxh6 Rg6 33. Nf7 Be8 34. Ne5 Rxg3 35. Re2 Bh5 36. Rf2 Re3 37. Nd3 Bg6 38. Kc1 Bxd3 39. Kd2 Rg3 40. cxd3 Kd6 41. Kc3 e5 42. Re2 Kd5 43. Kc2 Kd4 44. a4 a5 45. Rd2 b6 46. Re2 Kd5 47. Kc3 Rg4 48. b3 Rg3 49. Kd2 Kd4 50. Kc2 Kd5 51. Kc3 Rg4 52. Rf2 Rg6 53. Kd2 Kd4 54. Re2 Rg3 55. Kc2 Kd5 56. Kc3 Rg4 57. Rb2 Rg3 58. b4 e4 59. bxa5 Rxd3+ 60. Kc2 bxa5 61. Rb5+ Kd4 62. g4 Rg3 63. g5 Rg2+ 64. Kd1 Kd3 65. Rd5+ Ke3 66. Rxa5 Rg1+ 67. Kc2 Ke2 68. Rf5 e3 69. a5 Rf1 70. Rf6 Ke1 71. a6 e2 72. a7 Rxf6 73. gxf6 Kf2 74. f7 e1Q 75. f8Q+ Kg3 76. a8Q Qe2+ 77. Kc3 Qe1+ 78. Kd4 Qd2+ 79. Ke5 Qc3+ 80. Ke6 Qc4+ 81. Qd5 Qg4+ 82. Qdf5 Qc4+ 83. Kf6 Qc6+ 84. Kg7 Qc7+ 85. Q8f7 Qc3+ 86. Q5f6 1-0

[Event "CZE-chT1W 1819"]
[Site "Czech Republic"]
[Date "2018.11.25"]
[Round "3.8"]
[White "Vltavsky, Vladimir"]
[Black "Solc, Filip"]
[Result "1/2-1/2"]
[WhiteElo "2189"]
[BlackElo "2035"]
[PlyCount "169"]
[EventDate "2018.10.21"]
[EventType "team-tourn"]
[EventRounds "11"]
[EventCountry "CZE"]
[SourceTitle "CBM 187 Extra"]
[Source "ChessBase"]
[SourceDate "2018.11.04"]
[SourceVersion "1"]
[SourceVersionDate "2018.11.04"]
[SourceQuality "1"]
[WhiteTeam "Turnov Zikuda II"]
[BlackTeam "Hradec Kralove"]
[WhiteTeamCountry "CZE"]
[BlackTeamCountry "CZE"]

1. e4 c5 2. Nf3 Nc6 3. c3 Nf6 4. e5 Nd5 5. d4 cxd4 6. Bc4 Nb6 7. Bb3 d6 8. exd6 Qxd6 9. 0-0 Bf5 10. Nxd4 Nxd4 11. cxd4 Bxb1 12. Rxb1 e6 13. Qf3 Qd7 14. Bf4 Bd6 15. Bxd6 Qxd6 16. Qxb7 0-0 17. Qe4 Rfd8 18. Rbd1 Rd7 19. Rd3 Rad8 20. Rfd1 Nd5 21. Bxd5 Qxd5 22. Qxd5 Rxd5 23. f4 f6 24. Kf2 e5 25. fxe5 fxe5 26. Ke3 exd4+ 27. Rxd4 Re8+ 28. Kf2 Rf5+ 29. Kg1 Re2 30. R4d2 Rff2 31. Rxe2 Rxe2 32. Rd7 a5 33. Rb7 a4 34. a3 h6 35. h4 Kh7 36. Kh2 Kg6 37. Kg3 Rc2 38. Kf3 Kf6 39. g4 Rh2 40. Rb5 Rxh4 41. Rb6+ Ke5 42. Rb5+ Kf6 43. Kf4 g5+ 44. Kg3 Rh1 45. Rb4 Rb1 46. Kf3 Ke5 47. Ke3 Kd5 48. Kd2 Kc5 49. Kc2 Rh1 50. Rxa4 h5 51. Ra5+ Kc4 52. Rxg5 Rh2+ 53. Kb1 h4 54. Ka2 Rg2 55. Rg8 h3 56. Rh8 h2 57. g5 Kd3 58. g6 Kc2 59. g7 Kc1 60. a4 Rxb2+ 61. Ka3 Rg2 62. Rxh2 Rxg7 63. Rh4 Kc2 64. Kb4 Kd3 65. a5 Rg6 66. Rh5 Kd4 67. Kb5 Rg1 68. Rh4+ Kd5 69. Rb4 Rg8 70. Rh4 Rb8+ 71. Ka6 Kc6 72. Rc4+ Kd6 73. Ka7 Rb5 74. a6 Kd7 75. Ka8 Rb1 76. Rc3 Rb6 77. a7 Rb1 78. Rh3 Kc7 79. Rh8 Rb2 80. Rb8 Rg2 81. Rf8 Rb2 82. Rf3 Rb1 83. Rc3+ Kd7 84. Rd3+ Kc7 85. Rc3+ 1/2-1/2

[Event "CZE-chT U18 Extraliga Ost 1718"]
[Site "Czech Republic"]
[Date "2018.01.20"]
[Round "6.2"]
[White "Solc, Filip"]
[Black "Sajdl, Jan"]
[Result "1-0"]
[WhiteElo "1999"]
[BlackElo "1688"]
[PlyCount "65"]
[EventDate "2017.10.07"]
[EventType "team-tourn"]
[EventRounds "11"]
[EventCountry "CZE"]
[SourceTitle "EXT 2023"]
[Source "ChessBase"]
[SourceDate "2022.10.05"]
[SourceVersion "1"]
[SourceVersionDate "2022.10.05"]
[SourceQuality "1"]
[WhiteTeam "Vlasim (U18)"]
[BlackTeam "Jicin (U18)"]
[WhiteTeamCountry "CZE"]
[BlackTeamCountry "CZE"]

1. e4 c5 2. Nf3 d6 3. d4 cxd4 4. Nxd4 Nf6 5. Nc3 a6 6. Bg5 e5 7. Nb3 Be7 8. Bc4 Qc7 9. Qe2 Be6 10. Bxe6 fxe6 11. Bxf6 Bxf6 12. Qg4 Qe7 13. 0-0-0 0-0 14. Kb1 Nc6 15. h4 Nd4 16. Ne2 Nxb3 17. axb3 a5 18. Nc3 Rfc8 19. Qh3 Rc6 20. Rd3 Rd8 21. Rhd1 Rb6 22. Na4 Rc6 23. c4 Qf7 24. Nc3 Be7 25. Qg4 Bf8 26. R1d2 Kh8 27. Rf3 Qe7 28. Qh5 Rd7 29. Nb5 b6 30. Nc3 Rcc7 31. Qg4 Rc6 32. Nd5 exd5 33. Qxd7 1-0

[Event "CZE-chT1W 1718"]
[Site "Czech Republic"]
[Date "2017.11.12"]
[Round "2.3"]
[White "Solc, Filip"]
[Black "Postupa, Pavel"]
[Result "1-0"]
[WhiteElo "1999"]
[BlackElo "1968"]
[PlyCount "59"]
[EventDate "2017.10.29"]
[EventType "team-tourn"]
[EventRounds "11"]
[EventCountry "CZE"]
[SourceTitle "EXT 2019"]
[Source "ChessBase"]
[SourceDate "2018.10.10"]
[SourceVersion "1"]
[SourceVersionDate "2018.10.10"]
[SourceQuality "1"]
[WhiteTeam "Hradec Kralove Slavia"]
[BlackTeam "Lysa nad Labem III"]
[WhiteTeamCountry "CZE"]
[BlackTeamCountry "CZE"]

1. e4 c5 2. Nf3 e6 3. d4 cxd4 4. Nxd4 Nc6 5. Nc3 Qc7 6. Nxc6 bxc6 7. Bd3 Nf6 8. Qe2 d5 9. 0-0 Be7 10. e5 Nd7 11. f4 Nc5 12. Be3 Nxd3 13. cxd3 Ba6 14. Na4 Qa5 15. b3 c5 16. f5 exf5 17. Rxf5 Bc8 18. Rf2 Be6 19. Rc1 Rc8 20. Qd2 Qb5 21. Nb2 0-0 22. Bg5 Bxg5 23. Qxg5 c4 24. dxc4 dxc4 25. bxc4 Bxc4 26. Rfc2 Qb6+ 27. Kh1 Be6 28. Rxc8 Bxc8 29. Nc4 Qa5 30. Nxa5 1-0

[Event "CZE-chT2D 1718"]
[Site "Czech Republic"]
[Date "2017.10.15"]
[Round "1.5"]
[White "Mojzis, Jaroslav"]
[Black "Solc, Filip"]
[Result "1-0"]
[WhiteElo "2107"]
[BlackElo "1999"]
[PlyCount "123"]
[EventDate "2017.10.15"]
[EventType "team-tourn"]
[EventRounds "11"]
[EventCountry "CZE"]
[SourceTitle "EXT 2022"]
[Source "ChessBase"]
[SourceDate "2021.10.06"]
[SourceVersion "1"]
[SourceVersionDate "2021.10.06"]
[SourceQuality "1"]
[WhiteTeam "Polabiny III"]
[BlackTeam "Hradec Kralove II"]
[WhiteTeamCountry "CZE"]
[BlackTeamCountry "CZE"]

1. Nf3 Nf6 2. c4 c5 3. g3 g6 4. Bg2 Bg7 5. 0-0 0-0 6. d4 cxd4 7. Nxd4 Nc6 8. Nc3 d6 9. Nc2 Bd7 10. b3 Ng4 11. Bb2 Qa5 12. Qd2 Qh5 13. h3 Nf6 14. Nd5 Nxd5 15. Bxg7 Kxg7 16. cxd5 Nb8 17. Qc3+ Kg8 18. Qc7 Bxh3 19. Bxh3 Qxh3 20. Qxe7 Qd7 21. Qf6 Re8 22. Ne3 Na6 23. Kg2 Re5 24. Rh1 Qe7 25. Qxe7 Rxe7 26. Rac1 Rd8 27. Rc4 Nc5 28. b4 Ne4 29. Rhc1 Kg7 30. Rc7 Rdd7 31. Rxd7 Rxd7 32. Rc8 f5 33. f3 Nf6 34. Kf2 Kf7 35. b5 Ke7 36. Ra8 b6 37. Rc8 Rd8 38. Rc7+ Rd7 39. Rc6 Ne8 40. Ke1 Nf6 41. Kf2 Ne8 42. a4 Nc7 43. Ke1 Kf6 44. Kd2 g5 45. f4 gxf4 46. gxf4 Ne8 47. Nc4 Ke7 48. Kd3 h5 49. Ne3 Kf6 50. Rc1 Re7 51. Rh1 Rh7 52. Rh3 Kg6 53. Ng2 Nf6 54. Nh4+ Kf7 55. Kd4 Ne8 56. Nxf5 Kf6 57. e4 Rh8 58. Ng3 Ng7 59. e5+ dxe5+ 60. fxe5+ Kg5 61. Ne4+ Kg4 62. Rg3+ 1-0

[Event "CZE-ch"]
[Site "Ostrava"]
[Date "2017.05.07"]
[Round "9"]
[White "Solc, Filip"]
[Black "Didi, Jan"]
[Result "1/2-1/2"]
[WhiteElo "2005"]
[BlackElo "2050"]
[PlyCount "45"]
[EventDate "2017.04.29"]
[EventType "swiss"]
[EventRounds "9"]
[EventCountry "CZE"]
[SourceTitle "CBM 178 Extra"]
[Source "ChessBase"]
[SourceDate "2017.06.22"]
[SourceVersion "1"]
[SourceVersionDate "2017.06.22"]
[SourceQuality "1"]

1. e4 c5 2. Nf3 d6 3. Bb5+ Bd7 4. Bxd7+ Qxd7 5. c4 Nc6 6. d4 cxd4 7. Nxd4 g6 8. Nc3 Bg7 9. Be3 Nf6 10. f3 0-0 11. 0-0 Rac8 12. b3 Rfd8 13. Qd2 e6 14. Rad1 d5 15. cxd5 exd5 16. exd5 Ne7 17. Nde2 Nexd5 18. Nxd5 Qxd5 19. Qxd5 Rxd5 20. Nf4 Ra5 21. Rf2 g5 22. Nh3 h6 23. Rfd2 1/2-1/2

[Event "CZE-ch"]
[Site "Ostrava"]
[Date "2017.05.03"]
[Round "5"]
[White "Bartos, Jan"]
[Black "Solc, Filip"]
[Result "1-0"]
[WhiteElo "2157"]
[BlackElo "2005"]
[PlyCount "85"]
[EventDate "2017.04.29"]
[EventType "swiss"]
[EventRounds "9"]
[EventCountry "CZE"]
[SourceTitle "CBM 178 Extra"]
[Source "ChessBase"]
[SourceDate "2017.06.22"]
[SourceVersion "1"]
[SourceVersionDate "2017.06.22"]
[SourceQuality "1"]

1. d4 Nf6 2. Bf4 g6 3. e3 Bg7 4. Be2 0-0 5. Nf3 d6 6. 0-0 Nbd7 7. h3 Qe8 8. Bh2 e5 9. dxe5 dxe5 10. Nbd2 Qe7 11. Nc4 e4 12. Nd4 Nb6 13. Nxb6 axb6 14. c3 Rd8 15. Qb3 Nd5 16. Bc4 Be5 17. Bxe5 Qxe5 18. Rfd1 Qg5 19. Kh1 c6 20. Ne2 Ra5 21. Nf4 Nxf4 22. exf4 Rxd1+ 23. Rxd1 Qxf4 24. Rd8+ Kg7 25. Rxc8 Qxf2 26. Qd1 Rc5 27. Qe2 Qf4 28. Rd8 b5 29. Bb3 Rf5 30. Rd1 e3 31. Re1 Rh5 32. Rf1 Qe4 33. Rxf7+ Kh6 34. Rf1 c5 35. Bc2 Qc6 36. Qf3 e2 37. Re1 Qe6 38. Bd3 Re5 39. Qf8+ Kg5 40. Qd8+ Kh6 41. Qf8+ Kg5 42. Qd8+ Kh6 43. Qh4+ 1-0

[Event "CZE-ch"]
[Site "Ostrava"]
[Date "2017.04.30"]
[Round "2"]
[White "Solc, Filip"]
[Black "Olsarova, Karolina"]
[Result "0-1"]
[WhiteElo "2005"]
[BlackElo "2245"]
[PlyCount "50"]
[EventDate "2017.04.29"]
[EventType "swiss"]
[EventRounds "9"]
[EventCountry "CZE"]
[SourceTitle "CBM 178 Extra"]
[Source "ChessBase"]
[SourceDate "2017.06.22"]
[SourceVersion "1"]
[SourceVersionDate "2017.06.22"]
[SourceQuality "1"]

1. e4 e5 2. Nf3 Nc6 3. Bc4 Bc5 4. b4 Bxb4 5. c3 Ba5 6. d4 exd4 7. 0-0 Nge7 8. cxd4 d5 9. exd5 Nxd5 10. Qe2+ Be6 11. Bb5 0-0 12. Bxc6 bxc6 13. Ne5 Qf6 14. Nxc6 Bb6 15. Nd2 Nf4 16. Qe4 Rfe8 17. Nf3 Bd5 18. Qxf4 Qxc6 19. Ne5 Qb7 20. Be3 c5 21. Nf3 Re4 22. Qg3 cxd4 23. Bh6 f6 24. Rfd1 Qd7 25. Rac1 Rg4 0-1

[Event "CZE-chT U18 Extraliga final-A 1617"]
[Site "Czech Republic"]
[Date "2017.04.22"]
[Round "9.4"]
[White "Solc, Filip"]
[Black "Pulpan, Matej"]
[Result "1/2-1/2"]
[WhiteElo "1980"]
[BlackElo "1924"]
[PlyCount "46"]
[EventDate "2016.10.01"]
[EventType "team-tourn"]
[EventRounds "11"]
[EventCountry "CZE"]
[SourceTitle "EXT 2022"]
[Source "ChessBase"]
[SourceDate "2021.10.06"]
[SourceVersion "1"]
[SourceVersionDate "2021.10.06"]
[SourceQuality "1"]
[WhiteTeam "Vlasim U18"]
[BlackTeam "Polabiny U18"]
[WhiteTeamCountry "CZE"]
[BlackTeamCountry "CZE"]

1. e4 e6 2. d4 d5 3. Nd2 c5 4. exd5 Qxd5 5. Ngf3 cxd4 6. Bc4 Qd6 7. 0-0 Nc6 8. Nb3 Nf6 9. Nbxd4 Nxd4 10. Nxd4 Bd7 11. c3 Qc7 12. Qe2 Be7 13. Re1 0-0 14. Bg5 Rae8 15. Rad1 a6 16. Bd3 e5 17. Nf5 Bd8 18. Bxf6 Bxf6 19. Be4 Bxf5 20. Bxf5 Rd8 21. Be4 b5 22. Rxd8 Rxd8 23. Rd1 Rxd1+ 1/2-1/2

[Event "CZE-chT2D 1617"]
[Site "Czech Republic"]
[Date "2017.03.19"]
[Round "10.8"]
[White "Zeleny, Tomas1111"]
[Black "Solc, Filip"]
[Result "1/2-1/2"]
[WhiteElo "1717"]
[BlackElo "1980"]
[PlyCount "85"]
[EventDate "2016.10.09"]
[EventType "team-tourn"]
[EventRounds "11"]
[EventCountry "CZE"]
[SourceTitle "EXT 2022"]
[Source "ChessBase"]
[SourceDate "2021.10.06"]
[SourceVersion "1"]
[SourceVersionDate "2021.10.06"]
[SourceQuality "1"]
[WhiteTeam "Dalesice Pivovar"]
[BlackTeam "Hradec Kralove II"]
[WhiteTeamCountry "CZE"]
[BlackTeamCountry "CZE"]

1. d4 Nf6 2. c4 c5 3. Nf3 e6 4. Nc3 d5 5. e3 Nc6 6. a3 Be7 7. Bd3 dxc4 8. Bxc4 0-0 9. 0-0 a6 10. dxc5 Bxc5 11. b4 Be7 12. Bb2 b5 13. Bb3 Qb6 14. Qe2 Bb7 15. Rfd1 Rfd8 16. e4 a5 17. e5 Ne8 18. Qxb5 Qxb5 19. Nxb5 axb4 20. a4 Na5 21. Rxd8 Rxd8 22. Nfd4 Bc5 23. Ba2 Ba6 24. Rc1 Bb6 25. Rd1 Bxb5 26. axb5 b3 27. Bb1 Nc4 28. Bc3 Na3 29. Bd3 Bxd4 30. Bxd4 Rxd4 31. Bxh7+ Kxh7 32. Rxd4 Nxb5 33. Rb4 Nc3 34. Rxb3 Nd5 35. g3 g5 36. Kg2 Kg6 37. Rb7 Nec7 38. Kf3 Kf5 39. h4 gxh4 40. gxh4 Kxe5 41. Kg3 Kf5 42. Ra7 Kg6 43. Rb7 1/2-1/2

[Event "CZE-chT2D 1617"]
[Site "Czech Republic"]
[Date "2017.02.26"]
[Round "9.7"]
[White "Komarkova, Magdalena"]
[Black "Solc, Filip"]
[Result "1/2-1/2"]
[WhiteElo "2000"]
[BlackElo "1980"]
[PlyCount "33"]
[EventDate "2016.10.09"]
[EventType "team-tourn"]
[EventRounds "11"]
[EventCountry "CZE"]
[SourceTitle "EXT 2022"]
[Source "ChessBase"]
[SourceDate "2021.10.06"]
[SourceVersion "1"]
[SourceVersionDate "2021.10.06"]
[SourceQuality "1"]
[WhiteTeam "Policka Stefanydes"]
[BlackTeam "Hradec Kralove II"]
[WhiteTeamCountry "CZE"]
[BlackTeamCountry "CZE"]

1. e4 c5 2. Nf3 d6 3. d4 cxd4 4. Nxd4 Nf6 5. Nc3 Nc6 6. Be2 e5 7. Nb3 Be7 8. Be3 Be6 9. 0-0 a5 10. Nd5 0-0 11. Bb6 Qd7 12. Nc7 Rac8 13. Nxe6 fxe6 14. Bb5 Nxe4 15. Qe2 Nf6 16. c4 Bd8 17. Bxa5 1/2-1/2

[Event "CZE-chT U18 Extraliga West 1617"]
[Site "Czech Republic"]
[Date "2016.12.03"]
[Round "5.4"]
[White "Solc, Filip"]
[Black "Otruba, Marek"]
[Result "1-0"]
[WhiteElo "1980"]
[BlackElo "1904"]
[PlyCount "51"]
[EventDate "2016.10.01"]
[EventType "team-tourn"]
[EventRounds "11"]
[EventCountry "CZE"]
[SourceTitle "EXT 2022"]
[Source "ChessBase"]
[SourceDate "2021.10.06"]
[SourceVersion "1"]
[SourceVersionDate "2021.10.06"]
[SourceQuality "1"]
[WhiteTeam "Vlasim U18"]
[BlackTeam "Ricany U18"]
[WhiteTeamCountry "CZE"]
[BlackTeamCountry "CZE"]

1. e4 c6 2. d4 d5 3. exd5 cxd5 4. c4 Nf6 5. Nc3 Nc6 6. Nf3 Bg4 7. cxd5 Nxd5 8. Qb3 Bxf3 9. gxf3 e6 10. Qxb7 Nxd4 11. Bb5+ Nxb5 12. Qxb5+ Qd7 13. Qxd7+ Kxd7 14. Nxd5 exd5 15. Be3 Bb4+ 16. Kf1 a5 17. Kg2 Rac8 18. Rad1 Ke6 19. a3 Bc5 20. Bd2 a4 21. Rhe1+ Kd6 22. Bc3 Rhe8 23. Re4 Rxe4 24. fxe4 d4 25. Bxd4 Rg8 26. Be3+ 1-0

[Event "CZE-chT U18 Extraliga West 1617"]
[Site "Czech Republic"]
[Date "2016.10.02"]
[Round "3.4"]
[White "Pokorna, Jana"]
[Black "Solc, Filip"]
[Result "0-1"]
[WhiteElo "1596"]
[BlackElo "1980"]
[PlyCount "134"]
[EventDate "2016.10.01"]
[EventType "team-tourn"]
[EventRounds "11"]
[EventCountry "CZE"]
[SourceTitle "EXT 2022"]
[Source "ChessBase"]
[SourceDate "2021.10.06"]
[SourceVersion "1"]
[SourceVersionDate "2021.10.06"]
[SourceQuality "1"]
[WhiteTeam "Bustehrad U18"]
[BlackTeam "Vlasim U18"]
[WhiteTeamCountry "CZE"]
[BlackTeamCountry "CZE"]

1. e4 c5 2. Nf3 Nc6 3. d4 cxd4 4. Nxd4 Nf6 5. Nc3 e5 6. Ndb5 d6 7. Nd5 Nxd5 8. exd5 Nb8 9. c4 a6 10. Nc3 Be7 11. Bd3 0-0 12. 0-0 f5 13. f3 Nd7 14. Be3 Bg5 15. Qd2 Bxe3+ 16. Qxe3 Qh4 17. Qf2 Qf6 18. Rac1 Nc5 19. Bb1 a5 20. a3 a4 21. Rfe1 Bd7 22. Na2 Rae8 23. Nc3 Qg5 24. Qe3 Qh4 25. g3 Qf6 26. Rf1 f4 27. gxf4 exf4 28. Qf2 Bf5 29. Bxf5 Qxf5 30. Qc2 Qh5 31. Nxa4 Nxa4 32. Qxa4 Qg5+ 33. Kh1 Re2 34. Rg1 Qh5 35. Rg2 Qxf3 36. Rcg1 Rxg2 37. Rxg2 Qe4 38. Qd7 g6 39. Qe6+ Qxe6 40. dxe6 f3 41. Rf2 Rf6 42. h3 h5 43. h4 Kg7 44. Kh2 Rxe6 45. Kg3 Re4 46. b3 Rg4+ 47. Kh3 Kf6 48. Rxf3+ Ke6 49. Re3+ Kd7 50. Rg3 Rd4 51. Rxg6 Rd3+ 52. Rg3 Rd1 53. Rf3 Ke6 54. Re3+ Kf5 55. Rf3+ Ke4 56. Rf7 Rd3+ 57. Kg2 Rxb3 58. Rh7 b5 59. cxb5 Rxb5 60. Rh6 Rb2+ 61. Kg1 d5 62. Rxh5 d4 63. Rh8 d3 64. Re8+ Kf3 65. Rf8+ Kg3 66. h5 d2 67. Rg8+ Kh4 0-1